Antología del pensamiento helénico / (Registro nro. 27956)
[ vista simple ]
| 000 -CABECERA | |
|---|---|
| campo de control de longitud fija | 04720nam a2200373 i 4500 |
| 001 - NÚMERO DE CONTROL | |
| campo de control | 000028464 |
| 003 - IDENTIFICADOR DEL NÚMERO DE CONTROL | |
| campo de control | DO-SdBNP |
| 005 - FECHA Y HORA DE LA ÚLTIMA TRANSACCIÓN | |
| campo de control | 20260220134910.0 |
| 007 - CAMPO FIJO DE DESCRIPCIÓN FÍSICA--INFORMACIÓN GENERAL | |
| campo de control de longitud fija | ta |
| 008 - DATOS DE LONGITUD FIJA--INFORMACIÓN GENERAL | |
| campo de control de longitud fija | 110408s2010 dr ab 001 0 spa d |
| 020 ## - NÚMERO INTERNACIONAL ESTÁNDAR DEL LIBRO | |
| Número Internacional Estándar del Libro | 9789993467618 |
| 040 ## - FUENTE DE LA CATALOGACIÓN | |
| Centro catalogador/agencia de origen | DO-SdBNP |
| Lengua de catalogación | spa |
| Centro/agencia transcriptor | BNPHU |
| Normas de descripción | rda |
| 041 ## - CÓDIGO DE LENGUA | |
| Código de lengua del texto/banda sonora o título independiente | spa |
| 082 #4 - NÚMERO DE LA CLASIFICACIÓN DECIMAL DEWEY | |
| Número de clasificación | 880.38 |
| Número de documento/Ítem | B828a 2010 |
| Número de edición | 22 |
| 100 1# - ENTRADA PRINCIPAL--NOMBRE DE PERSONA | |
| Nombre de persona | Nuñez Polanco, Diómedes |
| Fechas asociadas al nombre | 1952- |
| 9 (RLIN) | 83559 |
| Término indicativo de función/relación | autor |
| Código de función/relación | aut. |
| 245 10 - MENCIÓN DE TÍTULO | |
| Título | Antología del pensamiento helénico / |
| Mención de responsabilidad, etc. | Luis O. Brea Franco, presentación, José Henríquez Almánzar. |
| 250 ## - MENCIÓN DE EDICIÓN | |
| Mención de edición | Segunda edición |
| 264 ## - PRODUCCIÓN, PUBLICACIÓN, DISTRIBUCIÓN, FABRICACIÓN Y COPYRIGHT | |
| Producción, publicación, distribución, fabricación y copyright | Santo Domingo, República Dominicana : |
| Nombre del de productor, editor, distribuidor, fabricante | Editora Búho, |
| Fecha de producción, publicación, distribución, fabricación o copyright | 2010. |
| 300 ## - DESCRIPCIÓN FÍSICA | |
| Extensión | 462 páginas : |
| Otras características físicas | ilustraciones, mapas ; |
| Dimensiones | 23 cm. |
| 336 ## - TIPO DE CONTENIDO | |
| Término de tipo de contenido | texto |
| Código de tipo de contenido | txt |
| Fuente | rdacontent |
| 337 ## - TIPO DE MEDIO | |
| Nombre/término del tipo de medio | sin mediación |
| Código del tipo de medio | n |
| Fuente | rdamedia |
| 338 ## - TIPO DE SOPORTE | |
| Nombre/término del tipo de soporte | volumen |
| Código del tipo de soporte | nc |
| Fuente | rdacarrier |
| 500 ## - NOTA GENERAL | |
| Nota general | Incluye notas al pie de las páginas e índice onomástico. |
| 500 ## - NOTA GENERAL | |
| Nota general | Incluye índice onomástico |
| 505 ## - NOTA DE CONTENIDO CON FORMATO | |
| Nota de contenido con formato | Epígrafe página, 13 -- A Manera de Pórtico, León David, 15 -- Acogida al Lector, 21 -- Presentación de la primera edición, José Henríquez Almánzar, 35 -- Capítulo 1 / Las primeras Voces, 39 -- Homero, 39 -- Hesíodo, 42 -- Capitulo 11 -- El hombre sensible, 51 -- Fragmentos de Lírica popular, 51 -- Alemán, 52 -- Tirteo, 52 /--Arquíloco, 52 -- Solón, 54 -- Estesícoro, 54 -- Ibico, 54 -- Jenofanes, 54 -- Simonides, 54 -- Alceo, 56 -- Safo, 57 -- Anacreonte, 59 -- Píndaro, 60 -- Baquílides, 64 -- Praxila de Sición, 66 -- Capítulo 111 -- El origen de la filosofía, 67 -- Milesios, 67 -- Heráclito de Éfeso, 67 -- Parménides, 70 -- Pitágoras, 73 -- Capítulo 1V -- La cuestión en torno al hombre, 77 -- Esquilo, 77 -- Sófocles, 83 -- Eurípides, 92 -- Tucídides, 100 -- Protágoras de Abdera, 111 -- Gorgias, 113-- Pródicos de Ceos, 116 -- Aristófanes, 116 / Sócrates, 121 -- Capítulo V/ “En busca del Centro Divino”, 141 -- La cuestión de la permanencia y el movimiento, 141 -- La experiencia de Platón, 143 -- La figura del filósofo, 152 -- La dialéctica, 156 -- La iniciación del filósofo, 159 -- El filósofo y la muerte, 170 / El bien, 194 -- La caverna, 201 -- El compromiso político del filósofo, 205 -- La esencia del alma, 206 -- El cuidado del cuerpo y del alma, 219 -- Capítulo V1 -- La Culminación de la filosofía, 227 -- El origen y los grados del saber, 227 -- Consideraciones sobre la investigación de la verdad, 231 -- El planteamiento del problema: origen del método, 232 -- Las categorías, 233 -- La definición de la nociones fundamentales, 233 / Las sustancias, 256 / El principio de no-contradicción, 257 -- El objeto de la filosofía, 260 -- La sustancia como principal sentido del “Ente”, 264 -- Necesidad de un primer motor eterno, 267 -- Naturaleza del Intelecto divino, 270 -- Inmanencia y trascendencia del Bien, 271 -- Las ciencias teóricas, 273 -- La naturaleza (physis), 275 -- La esencia del movimiento, 277 -- Las condiciones del devenir, 279 -- El alma, 283 / El hombre: animal social, 283 -- La vida más deseable, 286 -- El ambiente para la educación, 287 -- La búsqueda de la naturaleza del bien humano, 287 -- La virtud se origina en la costumbre, 293 -- La magnanimidad, 294 -- Análisis de la disposición del alma racional, 298 -- Sobre la amistad, 304 -- En torno a la esencia del placer, 307 -- La esencia de la felicidad, 309 -- Capítulo V11 -- El Surgimiento de la “Episteme”, 313 -- Zenón de Elea, 313 --Empédocles de Acragas, 315 -- Anaxágoras de Clazomenes, 317 -- Los atomistas, 320 -- Hipócrates, 324 / Teofrasto, 327 -- Prolomeo, 328 -- Proclo de Licias, 329 --Capítulo V111 -- El Helenismo, 337 -- Epicuro, 337 -- Plotino, 340 -- Apéndices, 351-- Mapa de Grecia, 351 -- Plano de Atenas, 352 -- Tabla cronológica, 353 --Léxico filosófico griego, 358 -- Bibliografía básica, 394 -- Epilogo, 423 -- El asombro como actitud, 423 -- Juicios Críticos, 437 -- Presentación de la Antología Mínima del pensamiento Helénico, por Manuel Rueda, 438 -- Antología del pensamiento: una selección panorámica y ordenada, por María Del Carmen Prodoscimi, 439 --Antología del Pensamiento Helénico de Luis Brea Franco por Mariano Lebrón Saviñón, 442 -- Antología del Pensamiento Helénico de Luis Brea Franco Por Francisco Comarazamy, 448 |
| 590 ## - NOTA LOCAL (RLIN) | |
| Nota local | Inventariado, 2023/BT |
| 650 #4 - PUNTO DE ACCESO ADICIONAL DE MATERIA--TÉRMINO DE MATERIA | |
| Término de materia o nombre geográfico como elemento de entrada | Helenismo |
| Subdivisión general | Ensayos, conferencias, etc. |
| 9 (RLIN) | 36162 |
| 650 #4 - PUNTO DE ACCESO ADICIONAL DE MATERIA--TÉRMINO DE MATERIA | |
| Término de materia o nombre geográfico como elemento de entrada | Civilización griega |
| 9 (RLIN) | 36163 |
| 650 #4 - PUNTO DE ACCESO ADICIONAL DE MATERIA--TÉRMINO DE MATERIA | |
| Término de materia o nombre geográfico como elemento de entrada | Filosogía griega |
| 9 (RLIN) | 36164 |
| 650 #4 - PUNTO DE ACCESO ADICIONAL DE MATERIA--TÉRMINO DE MATERIA | |
| Término de materia o nombre geográfico como elemento de entrada | Literatura griega |
| Subdivisión general | Historia y crítica |
| 9 (RLIN) | 28930 |
| 700 1# - PUNTO DE ACCESO ADICIONAL--NOMBRE DE PERSONA | |
| Nombre de persona | Henríquez Almánzar, José, |
| Término indicativo de función/relación | presentador |
| 9 (RLIN) | 36165 |
| Código de función/relación | present. |
| 910 ## - DATOS DE OPCIÓN DEL USUARIO (OCLC) | |
| Datos de opción del usuario | Validado. Control de calidad EMS |
| 942 ## - ELEMENTOS DE PUNTO DE ACCESO ADICIONAL (KOHA) | |
| Fuente del sistema de clasificación o colocación | Dewey Decimal Classification |
| Tipo de ítem Koha | Libro |
| Estado de retiro | Estado de pérdida | Fuente del sistema de clasificación o colocación | Restricciones de uso | No para préstamo | Código de colección | Localización permanente | Ubicación/localización actual | Ubicación en estantería | Fecha de adquisición | Signatura topográfica completa | Código de barras | Fecha visto por última vez | Número de copia | Precio válido a partir de | Tipo de ítem Koha | Fuente de adquisición |
|---|---|---|---|---|---|---|---|---|---|---|---|---|---|---|---|---|
| Dewey Decimal Classification | Préstamo en sala | Dominicana de Servicio | Biblioteca Nacional Pedro Henríquez Ureña | Biblioteca Nacional Pedro Henríquez Ureña | Depósito | 13.04.2011 | BNPHU DS 880.38 B828a 2010 | 28464-30 | 25.06.2020 | e.3 | 25.06.2020 | Libro | ||||
| Dewey Decimal Classification | Excluido de préstamo | Patrimonio Dominicano | Biblioteca Nacional Pedro Henríquez Ureña | Biblioteca Nacional Pedro Henríquez Ureña | Depósito | 08.04.2011 | BNPHU PD 880.38 B828a 2010 | 28464-10 | 25.06.2020 | 25.06.2020 | Libro | |||||
| Dewey Decimal Classification | Excluido de préstamo | Patrimonio Dominicano | Biblioteca Nacional Pedro Henríquez Ureña | Biblioteca Nacional Pedro Henríquez Ureña | Depósito | 08.04.2011 | BNPHU PD 880.38 B828a 2010 | 28464-20 | 25.06.2020 | e.2 | 25.06.2020 | Libro | ||||
| Dewey Decimal Classification | Préstamo en sala | Dominicana de Servicio | Biblioteca Nacional Pedro Henríquez Ureña | Biblioteca Nacional Pedro Henríquez Ureña | Depósito | 16.01.2023 | BNPHU DS 880.38 B828a 2010 | 2023-0161 | 16.01.2023 | e.4 | 16.01.2023 | Libro | Compra |
